Física v.2

Bibliographic Details
Main Authors: Serway, Raymond A ., Jewett, John W.
Format: Section = Libro
Language:Undetermined
Spanish
Published: México McGraw-Hill 1993
Edition:2a.ed.
Subjects:
LUZ
LEADER 00701nam a2200289Ia 4500
008 240829s9999 xx 000 0 und d
020 |a 970-10-0328-4 
040 |a BIBLIOTECA-RUSB/ 530 S492 
041 |a spa 
082 |a 530 S492 
100 1 |a Serway, Raymond A . 
100 1 |b Jewett, John W. 
245 1 0 |a Física v.2 
250 |a 2a.ed. 
260 |a México  |b McGraw-Hill  |c 1993 
300 |a p. irreg. :il. 
650 7 |a FISICA 
650 7 |b  ELECTRICIDAD-MAGNETISMO 
650 7 |c  LUZ 
650 7 |d  OPTICA 
650 7 |e  FISICA MODERNA 
650 7 |f  MECANICA CUANTICA 
650 7 |g  FISICA ATOMICA 
650 7 |h  MOLECULAS-SOLIDOS 
942 |c BK  |2 ddc 
991 |a TEXTO 
999 |c 2026